000 00834nam a2200265 a 4500
001 19910
003 BD-RjUL
005 20211209000508.0
008 160613r19711954nyu 000 0 eng
035 _a(BD-RjUL)19971
040 _aDLC
_cDLC
_dDLC
_dBD-RjUL
_beng
041 _aeng
082 0 0 _a336
_bDAP 1971
100 1 _aDalton, Hugh Dalton,
_d1887-1962.
_914743
245 1 0 _aPrinciples of public finance /
_cHugh Dalton.
250 _a4th ed.
260 _aLondon :
_b Routledge & K. Paul,
_c1954 [Reprinted 1971].
300 _axvi, 255 p. ;
_c19 cm.
500 _aReprint of the 4th ed., rev. and reset 1954.
650 0 _aFinance, Public.
_961178
650 0 _aDebts, Public.
_961179
942 _2ddc
_cBK
_01
999 _c19910
_d19910